25 ciudades más pobladas del País Vasco - Estadísticas

Estadísticas generales
  • Esta prueba ha sido intentada 4.491 veces
    3.590 desde el último reinicio
  • La puntuación promedio es 12 de 25
Estadísticas de respuestas
Pob. Municipio Provincia % Correcto
345 k Bilbao Vizcaya
99%
188 k San Sebastián Guipúzcoa
97%
255 k Vitoria Álava
93%
101 k Baracaldo Vizcaya
76%
77,1 k Guecho Vizcaya
72%
62,8 k Irún Guipúzcoa
69%
27,2 k Éibar Guipúzcoa
64%
44,6 k Portugalete Vizcaya
56%
23,1 k Zarauz Guipúzcoa
49%
17,0 k Guernica y Luno Vizcaya
43%
46,1 k Santurce Vizcaya
43%
29,7 k Durango Vizcaya
39%
27,8 k Sestao Vizcaya
39%
21,8 k Mondragón Guipúzcoa
37%
20,0 k Tolosa Guipúzcoa
36%
39,1 k Rentería Guipúzcoa
35%
40,4 k Basauri Vizcaya
34%
19,5 k Amorebieta-Echano Vizcaya
30%
20,4 k Hernani Guipúzcoa
30%
32,5 k Lejona Vizcaya
27%
17,9 k Llodio Álava
25%
29,3 k Galdácano Vizcaya
23%
19,1 k Lasarte-Oria Guipúzcoa
21%
24,4 k Erandio Vizcaya
18%
17,9 k Munguía Vizcaya
18%
No se encontraron pruebas coincidentes
Distribución de puntuación
Porcentaje de gente con cada puntuación
Porcentaje por número respondido
Historial de tus puntuaciones
No has intentado esta prueba desde el último reinicio